Chain Link Phrases III Quiz Stats

Quiz Updated Apr 5, 2012

Challenge
Share
Tweet
Embed
Score 0/56 Timer 04:00
1 Play Today
% Correct
HOLE
97.4%
HOLE
97.4%
BLACK
97.1%
BLACK
97.1%
PUNCH
96.6%
PUNCH
96.6%
JACK
96.2%
JACK
96.2%
TEST
96%
TEST
96%
DRIVING
95.5%
DRIVING
95.5%
TUBE
94.7%
TUBE
94.7%
PEA
94.3%
PEA
94.3%
DRUNK
94.3%
DRUNK
94.3%
LIGHT
93.3%
LIGHT
93.3%
BANANA
92.8%
BANANA
92.8%
TOP
92.6%
TOP
92.6%
YEAR
92.4%
YEAR
92.4%
SPLIT
92.1%
SPLIT
92.1%
% Correct
CAR
91.8%
CAR
91.8%
GREEN
91.8%
GREEN
91.8%
SUGAR
88.2%
SUGAR
88.2%
STREET
88.1%
STREET
88.1%
BEER
88%
BEER
88%
BELLY
87.2%
BELLY
87.2%
ROOT
87.2%
ROOT
87.2%
CUBE
84.5%
CUBE
84.5%
FLOP▼
84.2%
SIDE
81%
SIDE
81%
BROWN
71.7%
BROWN
71.7%
▲FLIP
50.5%
BRACKET
47.4%
BRACKET
47.4%
ROUND
40.7%
ROUND
40.7%
BUSTER
26%
BUSTER
26%

You're not logged in!

Compare scores with friends on all Sporcle quizzes.
Sign Up with Email
OR
Log In

You Might Also Like...

Show Comments

Extras

Top Quizzes Today


Score Distribution

Your Account Isn't Verified!

In order to create a playlist on Sporcle, you need to verify the email address you used during registration. Go to your Sporcle Settings to finish the process.